000 00479nam a22001577a 4500
005 20251108165222.0
008 250721s1990 xx 000 0 ara d
082 1 4 _a612/حكم
100 1 _aفريحات، حكمت عبد الكريم
245 1 0 _aفسيولوجيا جسم الإنسان /
264 1 _aعمان :
_bدار الثقافة للنشر و التوزيع،
_c1990.
300 _a325ص
650 1 7 _aالفسيولوجيا
942 _2ddc
_cBK
999 _c22450
_d22450